[Event "Gibtelecom Masters 8th"]
[Site "Gibraltar"]
[Date "2010.02.02"]
[Round "8.54"]
[White "Carame Gonzalez, Francisco"]
[Black "Getz, Nicolai"]
[Result "0-1"]
[WhiteElo "1977"]
[BlackElo "2280"]
[PlyCount "48"]
[EventDate "2010.01.26"]
[EventType "swiss"]
[EventRounds "10"]
[EventCountry "GGB"]
[SourceDate "2005.02.07"]

1. e4 e6 2. d4 d5 3. e5 c5 4. c3 Nc6 5. Nf3 Qb6 6. Be2 Nh6 7. b3 cxd4 8. cxd4
Bb4+ 9. Kf1 O-O 10. Bb2 f6 11. exf6 Rxf6 12. Nc3 Bd7 13. Na4 Qc7 14. Rc1 Bd6
15. a3 b6 16. b4 Qb7 17. Nc3 Raf8 18. Kg1 Be8 19. Qb3 Rxf3 20. Bxf3 Nxd4 21Qd1 Nxf3+ 22. gxf3 Bh5 23. Qe2 Qf7 24. Re1 e5 0-1

[Event "Gibtelecom Masters 8th"]
[Site "Gibraltar"]
[Date "2010.02.02"]
[Round "8.55"]
[White "Nikolaidis, Konstantinos"]
[Black "Haarr, Jon Kristian"]
[Result "1-0"]
[WhiteElo "2266"]
[BlackElo "2157"]
[PlyCount "75"]
[EventDate "2010.01.26"]
[EventType "swiss"]
[EventRounds "10"]
[EventCountry "GGB"]
[SourceDate "2005.02.07"]

1. d4 Nf6 2. Nf3 d5 3. c4 c6 4. e3 e6 5. b3 Nbd7 6. Bb2 Bd6 7. Bd3 O-O 8. O-Qc7 9. c5 Be7 10. Qc2 h6 11. b4 Ne8 12. Ne5 Nxe5 13. dxe5 f5 14. f4 g5 15. Nd2
Ng7 16. Bd4 Bd7 17. a4 a6 18. Rab1 Rfc8 19. Rfc1 Ne8 20. Rb2 Qd8 21. Kh1 Nc7
22. g4 Qf8 23. Rg1 Ne8 24. Nf3 fxg4 25. Rxg4 Ng7 26. Qg2 h5 27. Rxg5 Bxg5 28Nxg5 a5 29. Nh7 Qe7 30. Qg6 Be8 31. Nf6+ Kf8 32. Nh7+ Kg8 33. Nf6+ Kf8 34. Qh6
Qf7 35. Rg2 axb4 36. Qh8+ Ke7 37. Rxg7 b3 38. Bg6 1-0

[Event "Gibtelecom Masters 8th"]
[Site "Gibraltar"]
[Date "2010.02.02"]
[Round "8.56"]
[White "Stephan, Axel"]
[Black "Arnott, Jonathan W"]
[Result "1/2-1/2"]
[WhiteElo "2252"]
[BlackElo "2154"]
[PlyCount "59"]
[EventDate "2010.01.26"]
[EventType "swiss"]
[EventRounds "10"]
[EventCountry "GGB"]
[SourceDate "2005.02.07"]

1. e4 e6 2. d3 d5 3. Nd2 c5 4. Ngf3 Nc6 5. g3 Bd6 6. Bg2 Nge7 7. O-O O-O 8. Nh4
b5 9. f4 Qb6 10. Kh1 f5 11. e5 Bc7 12. g4 fxg4 13. Qxg4 Nd4 14. Rg1 Rf7 15Ndf3 Nxf3 16. Bxf3 Bb7 17. Rg3 d4 18. Bd2 Nf5 19. Nxf5 exf5 20. Qh3 Bxf3+ 21Rxf3 Qc6 22. Qg2 Re8 23. Rg3 Re6 24. a4 b4 25. Qxc6 Rxc6 26. Kg1 Ba5 27. b3 Bd8
28. h3 Re7 29. Kf2 Ree6 30. Rgg1 1/2-1/2

[Event "Gibtelecom Masters 8th"]
[Site "Gibraltar"]
[Date "2010.02.02"]
[Round "8.57"]
[White "Tari, Aryan"]
[Black "Schoene, Maria"]
[Result "1/2-1/2"]
[WhiteElo "1932"]
[BlackElo "2251"]
[PlyCount "161"]
[EventDate "2010.01.26"]
[EventType "swiss"]
[EventRounds "10"]
[EventCountry "GGB"]
[SourceDate "2005.02.07"]

1. e4 d6 2. d4 Nf6 3. Nc3 g6 4. Nf3 Bg7 5. Bd3 O-O 6. O-O c6 7. Bf4 Nh5 8. Be3
Nd7 9. Ne2 e5 10. c3 Re8 11. Ng3 Nf4 12. Bc2 Qc7 13. Ne2 Nh5 14. Ng3 Nhf6 15dxe5 dxe5 16. Bb3 b6 17. a4 Nc5 18. Bxc5 bxc5 19. Ng5 Re7 20. Qe2 h6 21. Nf3
Rb8 22. Bc4 Nd7 23. a5 Nf8 24. Rfd1 Ne6 25. Qc2 h5 26. h4 Bh6 27. Nf1 Kg7 28Ne3 f6 29. g3 Nd8 30. a6 Nf7 31. Bxf7 Rxf7 32. Nc4 Be6 33. Qe2 Rff8 34. Na5 Bc8
35. Nc4 Bg4 36. Rd3 Rbe8 37. Rad1 Re7 38. Rd6 Bc8 39. Ra1 Rd8 40. Rxd8 Qxd8 41Ra5 Qc7 42. Qc2 Kh8 43. Qa4 Bf8 44. Rxc5 Re6 45. Ra5 c5 46. Kf1 Be7 47. Qb5 Rc6
48. Ke2 Kg7 49. Nfd2 Qd7 50. Ne3 Qe6 51. c4 Bxa6 52. Qb3 f5 53. Qd3 f4 54. Nd5
Bd8 55. Ra1 Rd6 56. Nb3 Qg4+ 57. Ke1 Qh3 58. Nxc5 Qh1+ 59. Qf1 Qxf1+ 60. Kxf1
Bxc4+ 61. Kg2 Bxd5 62. exd5 Bb6 63. Ne6+ Kf6 64. Rd1 Bd4 65. Nxd4 Rxd5 66. Ra1
exd4 67. Rxa7 d3 68. Ra1 fxg3 69. Kxg3 d2 70. Rd1 g5 71. hxg5+ Kxg5 72. b4 Rd3+
73. Kg2 Kf4 74. b5 Ke5 75. b6 Kd6 76. f4 Kc6 77. f5 Kxb6 78. f6 Rd6 79. f7 Rf6
80. Rxd2 Rxf7 81. Rd5 1/2-1/2

[Event "Gibtelecom Masters 8th"]
[Site "Gibraltar"]
[Date "2010.02.02"]
[Round "8.59"]
[White "Lyell, Mark"]
[Black "Popa-Matei, Viorel-Ovidiu"]
[Result "1-0"]
[WhiteElo "2224"]
[BlackElo "2137"]
[PlyCount "43"]
[EventDate "2010.01.26"]
[EventType "swiss"]
[EventRounds "10"]
[EventCountry "GGB"]
[SourceDate "2005.02.07"]

1. e4 d5 2. exd5 Nf6 3. d4 Nxd5 4. c4 Nb4 5. a3 N4c6 6. d5 Ne5 7. Nc3 e6 8. Nf3
Bd6 9. Be3 O-O 10. Bd3 Nxd3+ 11. Qxd3 exd5 12. Ng5 g6 13. Qxd5 Nc6 14. O-O h6
15. Nge4 Be6 16. Qd2 Be5 17. Nd5 Bxd5 18. cxd5 Bxh2+ 19. Kxh2 Qh4+ 20. Kg1 Qxe4
21. dxc6 Rfd8 22. Qb4 1-0

[Event "Gibtelecom Masters 8th"]
[Site "Gibraltar"]
[Date "2010.02.02"]
[Round "8.60"]
[White "Arvola, Benjamin"]
[Black "Goodger, Martyn"]
[Result "1/2-1/2"]
[WhiteElo "2218"]
[BlackElo "2147"]
[PlyCount "81"]
[EventDate "2010.01.26"]
[EventType "swiss"]
[EventRounds "10"]
[EventCountry "GGB"]
[SourceDate "2005.02.07"]

1. d4 f5 2. c4 Nf6 3. g3 e6 4. Bg2 Be7 5. Nf3 O-O 6. O-O d6 7. Nc3 a5 8. d5 e5
9. Ng5 Na6 10. e4 Nc5 11. Be3 Nfxe4 12. Ngxe4 Nxe4 13. Nxe4 fxe4 14. Bxe4 Bf5
15. Bxf5 Rxf5 16. Rc1 b6 17. b3 Bg5 18. Qg4 Bxe3 19. fxe3 Rxf1+ 20. Rxf1 Qe7
21. e4 Re8 22. Kg2 g6 23. h4 Qg7 24. Rf3 h6 25. Kh3 Kh7 26. h5 gxh5 27. Qf5+
Kh8 28. Kh4 Rg8 29. Kxh5 Re8 30. Qg6 Re7 31. Qxh6+ Kg8 32. g4 Qxh6+ 33. Kxh6
Rh7+ 34. Kg6 Rg7+ 35. Kh5 Rh7+ 36. Kg5 Rg7+ 37. Kh4 Rh7+ 38. Kg3 Rh1 39. Rf6 a4
40. g5 a3 41. Rf2 1/2-1/2

[Event "Gibtelecom Masters 8th"]
[Site "Gibraltar"]
[Date "2010.02.02"]
[Round "8.61"]
[White "Kandic, Milan"]
[Black "Ogada-Osir, Ibrahim Okinyi"]
[Result "0-1"]
[WhiteElo "2216"]
[BlackElo "2104"]
[PlyCount "104"]
[EventDate "2010.01.26"]
[EventType "swiss"]
[EventRounds "10"]
[EventCountry "GGB"]
[SourceDate "2005.02.07"]

1. e4 e5 2. Nf3 Nc6 3. Bc4 Bc5 4. b4 Bxb4 5. c3 Ba5 6. d4 d6 7. Qb3 Qd7 8. dxe5
Bb6 9. Bb5 Qe6 10. O-O dxe5 11. Qxe6+ Bxe6 12. Nxe5 Nge7 13. Nc4 Bc5 14. Be3
Bxc4 15. Bxc4 Bxe3 16. fxe3 Ne5 17. Bb3 f6 18. Nd2 O-O-O 19. Be6+ Kb8 20. Nc4
Nxc4 21. Bxc4 Nc6 22. Rfd1 Ne5 23. Be2 Rxd1+ 24. Rxd1 c6 25. h4 Kc7 26. Kf2 Re8
27. g4 Nf7 28. Kf3 h6 29. Kf4 Re5 30. Bc4 Nd6 31. Bd3 Rc5 32. Rc1 b5 33. Rc2 a5
34. a3 Nf7 35. Be2 Ne5 36. Bf1 Kd6 37. Be2 Ke6 38. h5 Nf7 39. a4 b4 40. c4 Nd6
41. Bd3 Nc8 42. Rc1 Nb6 43. Bc2 Ke7 44. Bb3 Nd7 45. Rd1 Re5 46. Kf3 Nc5 47. Bc2
b3 48. Bd3 Nxa4 49. Rb1 Nc5 50. Ke2 a4 51. Kd2 Nxd3 52. Kxd3 Ra5 0-1

[Event "Gibtelecom Masters 8th"]
[Site "Gibraltar"]
[Date "2010.02.02"]
[Round "8.62"]
[White "Frey, Matthias"]
[Black "Martsynovskaya, Marina"]
[Result "0-1"]
[WhiteElo "1907"]
[BlackElo "2184"]
[PlyCount "74"]
[EventDate "2010.01.26"]
[EventType "swiss"]
[EventRounds "10"]
[EventCountry "GGB"]
[SourceDate "2005.02.07"]

1. e4 e5 2. Nf3 Nc6 3. Bb5 Nd4 4. Nxd4 exd4 5. d3 Bc5 6. Nd2 Ne7 7. O-O O-O 8Nf3 c6 9. Ba4 d5 10. exd5 Nxd5 11. h3 h6 12. Bd2 Qf6 13. Re1 Be6 14. Qe2 Rfe8
15. Qe5 Qxe5 16. Nxe5 a5 17. c3 f6 18. Nxc6 bxc6 19. Bxc6 Rad8 20. Bxe8 Rxe8
21. Re2 Kf7 22. cxd4 Bxd4 23. Bxa5 Nf4 24. Rd2 Bd5 25. Bc3 Ba7 26. g3 Nxh3+ 27Kf1 Ng5 28. a4 h5 29. b4 Nf3 30. Rc2 Rb8 31. Rb2 g5 32. b5 h4 33. gxh4 gxh4 34Rb4 h3 35. Rf4 h2 36. Rxf6+ Ke7 37. Ke2 Ng1+ 0-1

[Event "Gibtelecom Masters 8th"]
[Site "Gibraltar"]
[Date "2010.02.02"]
[Round "8.63"]
[White "Lasinskas, Povilas"]
[Black "Lombart, Philippe"]
[Result "1-0"]
[WhiteElo "2174"]
[BlackElo "1996"]
[PlyCount "119"]
[EventDate "2010.01.26"]
[EventType "swiss"]
[EventRounds "10"]
[EventCountry "GGB"]
[SourceDate "2005.02.07"]

1. d4 d5 2. Bg5 h6 3. Bh4 c6 4. Nc3 Bf5 5. e3 Nd7 6. f4 Ngf6 7. Bd3 e6 8. Nf3
Be7 9. O-O Ng4 10. Bxe7 Qxe7 11. Qe2 O-O-O 12. Rab1 g5 13. b4 Bxd3 14. Qxd3 f5
15. Na4 Rdg8 16. b5 c5 17. b6 axb6 18. Nxb6+ Nxb6 19. Rxb6 gxf4 20. exf4 Qg7
21. g3 Nxh2 22. Nxh2 Qxg3+ 23. Qxg3 Rxg3+ 24. Kh1 Rc3 25. dxc5 Rxc5 26. Rxe6
Rxc2 27. Rf6 d4 28. Rd6 Rd8 29. Rxd8+ Kxd8 30. Rd1 Rxa2 31. Rxd4+ Ke7 32. Nf3
b5 33. Ne5 Ra4 34. Nc6+ Ke6 35. Kg2 Rc4 36. Rxc4 bxc4 37. Kf3 c3 38. Nd4+ Kf6
39. Kg3 Kf7 40. Kh4 Kg6 41. Nc2 Kh7 42. Kh5 Kg7 43. Ne3 Kh7 44. Kh4 Kg6 45. Kh3
Kf7 46. Kg3 Kg6 47. Kh4 Kh7 48. Kh5 Kg7 49. Kh4 Kh7 50. Kg3 Kg6 51. Kh3 h5 52Kg3 Kh7 53. Kh3 Kg6 54. Kh4 Kh6 55. Nxf5+ Kg6 56. Nd4 c2 57. Nxc2 Kf5 58. Kg3
h4+ 59. Kf3 h3 60. Nd4+ 1-0

[Event "Gibtelecom Masters 8th"]
[Site "Gibraltar"]
[Date "2010.02.02"]
[Round "8.64"]
[White "Stebbings, Anthony J"]
[Black "Jameson, David"]
[Result "1-0"]
[WhiteElo "2290"]
[BlackElo "2053"]
[PlyCount "67"]
[EventDate "2010.01.26"]
[EventType "swiss"]
[EventRounds "10"]
[EventCountry "GGB"]
[SourceDate "2005.02.07"]

1. e4 c6 2. d4 d5 3. exd5 cxd5 4. c4 Nf6 5. Nc3 g6 6. Qb3 Bg7 7. cxd5 Nbd7 8g3 O-O 9. Bg2 Nb6 10. Nge2 h6 11. a4 Qc7 12. d6 exd6 13. a5 Nc4 14. Nb5 Nxa5
15. Qa4 Qc4 16. Qxa5 Re8 17. Be3 Bg4 18. Nbc3 Rac8 19. Qa4 Qd3 20. Qd1 Rxc3 21bxc3 Bxe2 22. Qxd3 Bxd3 23. Rxa7 Ne4 24. Rxb7 Ra8 25. Bc1 Re8 26. Be3 Ra8 27Bc1 Re8 28. Rb2 Nxg3+ 29. Kd2 Nxh1 30. Kxd3 Re1 31. Be3 g5 32. Bd5 Rd1+ 33. Ke2
Kh7 34. Kxd1 1-0

[Event "Gibtelecom Masters 8th"]
[Site "Gibraltar"]
[Date "2010.02.02"]
[Round "8.65"]
[White "Hamer, Martyn"]
[Black "Montero Melendez, Rafael"]
[Result "0-1"]
[WhiteElo "2039"]
[BlackElo "2248"]
[PlyCount "62"]
[EventDate "2010.01.26"]
[EventType "swiss"]
[EventRounds "10"]
[EventCountry "GGB"]
[SourceDate "2005.02.07"]

1. g4 d5 2. h3 e5 3. Bg2 c6 4. d4 e4 5. c4 Bd6 6. Nc3 Ne7 7. Qb3 a6 8. Bd2 Bc7
9. O-O-O O-O 10. cxd5 cxd5 11. f3 Nbc6 12. e3 exf3 13. Bxf3 Be6 14. Kb1 b5 15Rc1 Na5 16. Qd1 Rb8 17. Nge2 b4 18. Na4 b3 19. a3 Nc4 20. Nc5 Bd6 21. Nxe6 fxe6
22. Nf4 Qd7 23. Rc3 Qa4 24. Bc1 Rfc8 25. Ne2 Qa5 26. Qd3 Qa4 27. e4 Bb4 28Rxb3 Nxa3+ 29. Rxa3 Bxa3 30. Nc3 Qb3 31. Bd1 Qxc3 0-1

[Event "Gibtelecom Masters 8th"]
[Site "Gibraltar"]
[Date "2010.02.02"]
[Round "8.66"]
[White "Overeem, Marc"]
[Black "Obiamiwe, Paul"]
[Result "1-0"]
[WhiteElo "2245"]
[BlackElo "2046"]
[PlyCount "77"]
[EventDate "2010.01.26"]
[EventType "swiss"]
[EventRounds "10"]
[EventCountry "GGB"]
[SourceDate "2005.02.07"]

1. c4 Nf6 2. Nc3 g6 3. e4 d6 4. d4 Bg7 5. f3 O-O 6. Be3 Nc6 7. Nge2 a6 8. Qd2
Rb8 9. h4 h5 10. Nc1 e5 11. d5 Nd4 12. Nb3 Nxb3 13. axb3 c6 14. Be2 cxd5 15cxd5 Nd7 16. g4 Nf6 17. Rg1 Bd7 18. g5 Ne8 19. O-O-O b5 20. Kb1 Qa5 21. Na2 b4
22. Rc1 Nc7 23. Rc4 Bb5 24. Rxb4 Ra8 25. Rc1 Bxe2 26. Bb6 Qxb4 27. Nxb4 Bxf3
28. Bxc7 Bxe4+ 29. Ka2 a5 30. Nc6 a4 31. b4 f5 32. b5 Rf7 33. b6 Re8 34. Nd8
Rxd8 35. Bxd8 Rb7 36. Rc8 Kh7 37. Rc7 Rb8 38. Bf6 Rg8 39. b7 1-0

[Event "Gibtelecom Masters 8th"]
[Site "Gibraltar"]
[Date "2010.02.02"]
[Round "8.67"]
[White "Flores Chico, Jorge"]
[Black "Nuri, Kambez"]
[Result "1-0"]
[WhiteElo "2052"]
[BlackElo "2235"]
[PlyCount "43"]
[EventDate "2010.01.26"]
[EventType "swiss"]
[EventRounds "10"]
[EventCountry "GGB"]
[SourceDate "2005.02.07"]

1. e4 d6 2. d4 Nf6 3. Nc3 e5 4. dxe5 dxe5 5. Qxd8+ Kxd8 6. Bg5 Nbd7 7. Bc4 Ke8
8. O-O-O c6 9. Nf3 b5 10. Bxb5 cxb5 11. Nxb5 Bb7 12. Nc7+ Ke7 13. Nxa8 Bxa8 14Rhe1 h6 15. Bxf6+ gxf6 16. Nh4 Ke6 17. f3 h5 18. Nf5 Bc6 19. Re3 Nb6 20. Red3
Nc8 21. Rd8 Bb7 22. Re8+ 1-0

[Event "Gibtelecom Masters 8th"]
[Site "Gibraltar"]
[Date "2010.02.02"]
[Round "8.68"]
[White "Rioseco Pinochet, Fernan"]
[Black "Haraldsson, Leif"]
[Result "1/2-1/2"]
[WhiteElo "2226"]
[BlackElo "2050"]
[PlyCount "64"]
[EventDate "2010.01.26"]
[EventType "swiss"]
[EventRounds "10"]
[EventCountry "GGB"]
[SourceDate "2005.02.07"]

1. d4 Nf6 2. c4 Nc6 3. d5 Ne5 4. e4 e6 5. f4 Bb4+ 6. Bd2 Bxd2+ 7. Qxd2 Ng6 8e5 Ng8 9. Nf3 b6 10. Nc3 Bb7 11. h4 h5 12. d6 cxd6 13. Nb5 dxe5 14. Nd6+ Kf8
15. Nxe5 Nxe5 16. fxe5 Bc6 17. Bd3 Nh6 18. Qf4 Kg8 19. O-O-O Qe7 20. Be4 g6 21Bxc6 dxc6 22. Qf6 Qxf6 23. exf6 Kh7 24. Nb7 Ng4 25. Rd7 Rhf8 26. Re7 Nxf6 27Nd6 Kg7 28. Re1 Kg8 29. Rf1 Kg7 30. Re1 Kg8 31. Rf1 Kg7 32. Re1 Kg8 1/2-1/2

[Event "Gibtelecom Masters 8th"]
[Site "Gibraltar"]
[Date "2010.02.02"]
[Round "8.69"]
[White "Daoudi, Kamal"]
[Black "Spanton, Tim R"]
[Result "0-1"]
[WhiteElo "2155"]
[BlackElo "2035"]
[PlyCount "130"]
[EventDate "2010.01.26"]
[EventType "swiss"]
[EventRounds "10"]
[EventCountry "GGB"]
[SourceDate "2005.02.07"]

1. e4 c5 2. Nf3 g6 3. d4 cxd4 4. Nxd4 Nc6 5. Nc3 Bg7 6. Be3 Nf6 7. Nxc6 bxc6 8e5 Ng8 9. f4 Nh6 10. g4 d6 11. h3 O-O 12. exd6 exd6 13. Qd2 Qh4+ 14. Bf2 Qe7+
15. Kd1 Rb8 16. Bd4 Re8 17. Bxg7 Kxg7 18. Rh2 Qh4 19. Qd4+ Kg8 20. Ne4 Nxg4 21hxg4 Rxe4 22. Qxe4 Qxh2 23. f5 gxf5 24. Qe7 Qf4 25. Bd3 Be6 26. gxf5 Bxf5 27Bxf5 Qxf5 28. Kd2 Qd5+ 29. Ke3 Qe6+ 30. Qxe6 fxe6 31. Rd1 d5 32. b3 Kf7 33. Kd4
h5 34. Ke5 Ke7 35. Rg1 Rf8 36. Rg6 Rf5+ 37. Kd4 Kd6 38. Rg8 c5+ 39. Ke3 e5 40Rg6+ Kc7 41. c4 dxc4 42. Ke4 Rf4+ 43. Kxe5 Rg4 44. Rf6 cxb3 45. axb3 h4 46. Rh6
c4 47. bxc4 Rxc4 48. Kd5 Rb4 49. Kc5 a5 50. Rh7+ Kd8 51. Ra7 Rg4 52. Kb6 a4 53Kb5 Rg5+ 54. Kxa4 Rh5 55. Kb4 h3 56. Ra1 h2 57. Rh1 Ke7 58. Kc3 Kf6 59. Kd3 Kg5
60. Ke3 Kg4 61. Kf2 Kh3 62. Ra1 Rf5+ 63. Ke3 Kg2 64. Ra2+ Kg1 65. Ra1+ Rf1 0-1

[Event "Gibtelecom Masters 8th"]
[Site "Gibraltar"]
[Date "2010.02.02"]
[Round "8.70"]
[White "Ortega Valle, Jose Ramon"]
[Black "Groffen, Hans"]
[Result "1-0"]
[WhiteElo "2054"]
[BlackElo "2150"]
[PlyCount "109"]
[EventDate "2010.01.26"]
[EventType "swiss"]
[EventRounds "10"]
[EventCountry "GGB"]
[SourceDate "2005.02.07"]

1. c4 e5 2. Nc3 Nc6 3. g3 f5 4. Bg2 Nf6 5. e3 g6 6. d4 e4 7. f3 exf3 8. Nxf3
Qe7 9. O-O Bg7 10. b4 O-O 11. b5 Nd8 12. a4 a6 13. bxa6 Rxa6 14. Qd3 Re8 15Re1 Nf7 16. Ba3 Qd8 17. Nd2 d6 18. e4 fxe4 19. Ndxe4 Nxe4 20. Rxe4 Bf5 21Rxe8+ Qxe8 22. Qd2 Bh6 23. Re1 Bxd2 24. Rxe8+ Kg7 25. Bxb7 Rb6 26. Bd5 c6 27c5 Ra6 28. Bc4 Ra7 29. Bb2 Bxc3 30. Bxc3 d5 31. Bb3 Ng5 32. a5 Bh3 33. Bd1 Rf7
34. Be2 Rb7 35. Bd3 Rb3 36. a6 Ra3 37. Bb2 Ra2 38. Rb8 Bf5 39. Rb7+ Kf6 40. Bf1
Bg4 41. h4 Nf3+ 42. Kf2 Nd2 43. Bd3 Bf5 44. Be2 h5 45. Ke3 Ne4 46. Rb6 Bd7 47Bf3 Nxg3 48. Bxd5 Nf5+ 49. Kf4 Ra4 50. Bb3 Ra5 51. d5+ Ke7 52. d6+ Nxd6 53cxd6+ Kxd6 54. Bc3 Rf5+ 55. Ke4 1-0

[Event "Gibtelecom Masters 8th"]
[Site "Gibraltar"]
[Date "2010.02.02"]
[Round "8.71"]
[White "Weber, Francois"]
[Black "Cafolla, Peter"]
[Result "1-0"]
[WhiteElo "2149"]
[BlackElo "2042"]
[PlyCount "43"]
[EventDate "2010.01.26"]
[EventType "swiss"]
[EventRounds "10"]
[EventCountry "GGB"]
[SourceDate "2005.02.07"]

1. e4 e5 2. d4 exd4 3. Qxd4 Nc6 4. Qe3 d6 5. Nc3 Nf6 6. h3 g6 7. Nf3 Bg7 8. Bc4
O-O 9. O-O Qe7 10. Bd2 a6 11. a4 h6 12. Rae1 Nb4 13. Bb3 Be6 14. Ne2 Nc6 15Nf4 Nd8 16. e5 dxe5 17. Nxe5 Qd6 18. Nxe6 Nxe6 19. Nxf7 Rxf7 20. Bxe6 Nd5 21Qb3 Raf8 22. Qxd5 1-0

[Event "Gibtelecom Masters 8th"]
[Site "Gibraltar"]
[Date "2010.02.02"]
[Round "8.72"]
[White "Lipecki, Alexander"]
[Black "Bryn, Askild"]
[Result "1-0"]
[WhiteElo "2146"]
[BlackElo "2036"]
[PlyCount "75"]
[EventDate "2010.01.26"]
[EventType "swiss"]
[EventRounds "10"]
[EventCountry "GGB"]
[SourceDate "2005.02.07"]

1. e4 c5 2. Nc3 Nc6 3. Bb5 Na5 4. a3 a6 5. Be2 e6 6. Bf3 Nc6 7. d3 Nf6 8. g3 h6
9. Bg2 d5 10. exd5 exd5 11. Nge2 d4 12. Ne4 Be7 13. Bf4 Nxe4 14. Bxe4 Qb6 15Qc1 Bg4 16. h3 Bxe2 17. Kxe2 g5 18. Bd2 O-O-O 19. Re1 Bd6 20. Kf1 Ne7 21. b4
cxb4 22. axb4 f5 23. Bg2 Kb8 24. b5 axb5 25. Ba5 Qc5 26. Bxd8 Rxd8 27. Qd2 b4
28. Re6 f4 29. g4 h5 30. Qe2 hxg4 31. hxg4 Nc6 32. Re8 Rxe8 33. Qxe8+ Kc7 34Bxc6 bxc6 35. Ra8 Qxc2 36. Qb8+ Kd7 37. Ra7+ Ke6 38. Qg8+ 1-0

[Event "Gibtelecom Masters 8th"]
[Site "Gibraltar"]
[Date "2010.02.02"]
[Round "8.73"]
[White "Thingstad, Even"]
[Black "Gonzalez Amaya, Millan"]
[Result "1-0"]
[WhiteElo "2141"]
[BlackElo "1805"]
[PlyCount "55"]
[EventDate "2010.01.26"]
[EventType "swiss"]
[EventRounds "10"]
[EventCountry "GGB"]
[SourceDate "2005.02.07"]

1. d4 Nf6 2. c4 g6 3. Nc3 d5 4. cxd5 Nxd5 5. e4 Nxc3 6. bxc3 Bg7 7. Nf3 O-O 8Be2 c5 9. Rb1 cxd4 10. cxd4 Qa5+ 11. Bd2 Qxa2 12. O-O Bg4 13. Bg5 Nc6 14. d5
Ne5 15. Bxe7 Rfe8 16. Rxb7 Rab8 17. Rxb8 Rxb8 18. h3 Bxf3 19. Bxf3 h5 20. Be2
Rb2 21. Bf3 a5 22. d6 Qe6 23. Qa4 Ra2 24. Qe8+ Kh7 25. Bd1 Ra3 26. Qa8 Nd3 27d7 Qxd7 28. Bxa3 1-0

[Event "Gibtelecom Masters 8th"]
[Site "Gibraltar"]
[Date "2010.02.02"]
[Round "8.74"]
[White "Aerni, Andi"]
[Black "Mortensen, Henrik"]
[Result "1-0"]
[WhiteElo "2137"]
[BlackElo "2015"]
[PlyCount "91"]
[EventDate "2010.01.26"]
[EventType "swiss"]
[EventRounds "10"]
[EventCountry "GGB"]
[SourceDate "2005.02.07"]

1. d4 e6 2. c4 Nf6 3. Nc3 Bb4 4. Bd2 O-O 5. a3 Bxc3 6. Bxc3 Ne4 7. Qc2 Nxc3 8Qxc3 Qf6 9. e3 c5 10. Nf3 cxd4 11. Qxd4 Qxd4 12. Nxd4 a6 13. g3 Nc6 14. O-O-Rb8 15. Nxc6 dxc6 16. c5 e5 17. Be2 Be6 18. Kc2 Rfd8 19. Kc3 Kf8 20. Kb4 Ke7
21. Ka5 Bb3 22. Rxd8 Rxd8 23. Kb4 Be6 24. Rd1 Rxd1 25. Bxd1 Kd7 26. Bb3 Bxb3
27. Kxb3 Ke6 28. e4 f5 29. f3 fxe4 30. fxe4 g5 31. g4 Kd7 32. Kb4 Kd8 33. a4
Kd7 34. Ka5 Kc7 35. b3 Kc8 36. b4 Kb8 37. Kb6 Kc8 38. b5 axb5 39. axb5 cxb5 40Kxb5 Kc7 41. Kb4 Kd7 42. Kc3 Kc7 43. Kb3 Kd7 44. Kb4 Kc7 45. Kb5 Kd7 46. Kb6
1-0

[Event "Gibtelecom Masters 8th"]
[Site "Gibraltar"]
[Date "2010.02.02"]
[Round "8.75"]
[White "Andersson, Lars"]
[Black "Odeh, Kenneth"]
[Result "1-0"]
[WhiteElo "2132"]
[BlackElo "2012"]
[PlyCount "81"]
[EventDate "2010.01.26"]
[EventType "swiss"]
[EventRounds "10"]
[EventCountry "GGB"]
[SourceDate "2005.02.07"]

1. f4 d5 2. Nf3 Nf6 3. g3 e6 4. Bg2 Be7 5. O-O Bd7 6. d3 Bc6 7. Ne5 Nbd7 8Nxc6 bxc6 9. e4 Nb6 10. e5 Nfd7 11. Nd2 Bc5+ 12. Kh1 h5 13. Nf3 g6 14. Qe2 Be7
15. h3 c5 16. c4 c6 17. Be3 Qc7 18. Bd2 a5 19. Kg1 Nf8 20. Rac1 Qa7 21. Be3 Rc8
22. Qf2 d4 23. Bd2 Nh7 24. Rce1 Nd7 25. Bc1 Nb8 26. Nd2 Na6 27. a3 Nb8 28. g4
hxg4 29. hxg4 Kd7 30. Ne4 Rcg8 31. Bd2 Nf8 32. Rb1 Qb6 33. b4 Bh4 34. Qf3 cxb4
35. axb4 a4 36. Nc5+ Kc8 37. Nxa4 Qc7 38. b5 cxb5 39. Rxb5 Nfd7 40. Ba5 Qa7 41Qb7+ 1-0

[Event "Gibtelecom Masters 8th"]
[Site "Gibraltar"]
[Date "2010.02.02"]
[Round "8.76"]
[White "De Andres Gonalons, Fernando"]
[Black "Mikalsen, Erlend"]
[Result "1-0"]
[WhiteElo "2124"]
[BlackElo "1973"]
[PlyCount "87"]
[EventDate "2010.01.26"]
[EventType "swiss"]
[EventRounds "10"]
[EventCountry "GGB"]
[SourceDate "2005.02.07"]

1. d4 Nf6 2. c4 e6 3. Nf3 Bb4+ 4. Bd2 Bxd2+ 5. Qxd2 b6 6. Nc3 Bb7 7. g3 d5 8cxd5 Nxd5 9. Bg2 O-O 10. O-O Nd7 11. Nxd5 exd5 12. b4 Nf6 13. Rac1 Qd6 14. a3
a5 15. b5 a4 16. Qc3 Rfc8 17. Bh3 Ne4 18. Qc2 c5 19. Bxc8 Bxc8 20. dxc5 Nxc5
21. Qb2 Bh3 22. Rfd1 Re8 23. Qa2 Be6 24. Nd4 Bg4 25. Rc3 h5 26. f3 Bh3 27. Qd2
Qg6 28. Re3 Rxe3 29. Qxe3 h4 30. Qf4 hxg3 31. Qxg3 Qxg3+ 32. hxg3 Be6 33. e3
Kf8 34. Kf2 Ke7 35. Ke2 Kd6 36. Kd2 g5 37. g4 Ke5 38. Rc1 f5 39. gxf5 Bxf5 40Rxc5 bxc5 41. Nxf5 Ke6 42. b6 Kd7 43. Ne7 d4 44. exd4 1-0

[Event "Gibtelecom Masters 8th"]
[Site "Gibraltar"]
[Date "2010.02.02"]
[Round "8.77"]
[White "Stanek, Stanislav"]
[Black "Vinas Guerrero, Carlos A"]
[Result "1/2-1/2"]
[WhiteElo "2007"]
[BlackElo "2120"]
[PlyCount "119"]
[EventDate "2010.01.26"]
[EventType "swiss"]
[EventRounds "10"]
[EventCountry "GGB"]
[SourceDate "2005.02.07"]

1. d4 d5 2. Bf4 Nf6 3. e3 c5 4. Bb5+ Nc6 5. c3 Qb6 6. Qe2 Bf5 7. dxc5 Qxc5 8Nd2 a6 9. Bd3 Bxd3 10. Qxd3 e5 11. Bg3 Qb5 12. Qxb5 axb5 13. Ngf3 Bd6 14. h3
O-O 15. O-O Nh5 16. Bh2 f5 17. Rfd1 Nf6 18. Nb3 Rfe8 19. a3 Na5 20. Nxa5 Rxa5
21. Nd2 Ra4 22. Nb3 Kf7 23. f3 b6 24. Kf1 g5 25. Bg1 Ke6 26. Bf2 Bc5 27. e4
Bxf2 28. exd5+ Nxd5 29. Kxf2 f4 30. Nd2 Ne3 31. Ne4 Nxd1+ 32. Rxd1 Ke7 33. Rd5
Ra5 34. Rxe5+ Kf8 35. Rf5+ Ke7 36. Rxg5 b4 37. Rg7+ Kf8 38. Rg4 bxa3 39. Rxf4+
Kg7 40. bxa3 Rxa3 41. g4 Rf8 42. Rxf8 Kxf8 43. h4 h6 44. Ke3 Kf7 45. Kf4 Ke6
46. g5 hxg5+ 47. hxg5 Ra1 48. Kg4 Rg1+ 49. Ng3 Rc1 50. Ne2 Re1 51. Nd4+ Kf7 52Kf5 Re3 53. g6+ Kg8 54. f4 Rxc3 55. Kf6 b5 56. Ke7 Rc7+ 57. Kd6 Rg7 58. f5
Rxg6+ 59. fxg6 Kg7 60. Kc5 1/2-1/2

[Event "Gibtelecom Masters 8th"]
[Site "Gibraltar"]
[Date "2010.02.02"]
[Round "8.78"]
[White "Steinskog, Asbjorn Ottesen"]
[Black "Doubleday, William G"]
[Result "0-1"]
[WhiteElo "1884"]
[BlackElo "2115"]
[PlyCount "44"]
[EventDate "2010.01.26"]
[EventType "swiss"]
[EventRounds "10"]
[EventCountry "GGB"]
[SourceDate "2005.02.07"]

1. e4 c5 2. Nf3 Nc6 3. d4 cxd4 4. Nxd4 Nf6 5. Nc3 d6 6. Bg5 e6 7. Qd2 Be7 8O-O-O a6 9. f4 Bd7 10. Be2 h6 11. Bxf6 Bxf6 12. Nf3 Be7 13. g4 Qa5 14. Kb1
O-O-O 15. Nd5 exd5 16. Qxa5 Nxa5 17. exd5 b5 18. Nd4 Bf6 19. a4 Bxd4 20. Rxd4
Rhe8 21. Re1 Kc7 22. axb5 Bxb5 0-1